banner-ar

تنيس / (Record no. 60460)

MARC details
000 -الفاتح
حقل البيانات ثابتة الطول 01281nam a22003617a 4500
005 - وقت وتاريخ اخر تعامل مع التسجيلة
رقم الضبط 20240530110411.0
008 - عناصر البيانات ثابتة الطول - معلومات عامة
حقل البيانات ثابتة الطول 150216s2012 ua cobfa b 000 0 eng d
017 ## - رقم الايداع القانونى
رقم الايداع القانونى 11491/2011
المصدر ( الهيئة المختصة) مصر . دار الكتب المصرية
020 ## - الرقم الدولى المعيارى للكتب
الرقم الدولى المعيارى للكتاب 9771443860
040 ## - مصدر الفهرسة
وكالة الفهرسة الأصلية EG-CaGPL
041 0# - رمز اللغة
رمز لغة النص/ المسارات الصوتية أو العنوان الانفرادي ara
082 04 - رقم تصنيف ديوى العشرى
رقم الطبعة 21
رقم التصنيف 926.1
رقم المادة ط/ج س
100 0# - المدخل الرئيسى - إسم شخصى
الإسم الشخصى جيهان ممدوح ملأمون
245 10 - بيان العنوان
العنوان تنيس /
بقية العنوان تقديم احمد عبدالرازق احمد ؛ تاليف جيهان ممدوح مأمون
250 ## - بيان الطبعة
بيان الطبعة ط1
260 ## - PUBLICATION, DISTRIBUTION, ETC. (IMPRINT)
تاريخ النشر أو التوزيع 2012
300 ## - الوصف المادى
التعداد 64 ص :
تفاصيل ماديه اخرى للوعاء ايض ،
أبعاد الوعاء 32 سم
490 0# - بيان السلسلة
عنوان السلسلة سلسلة مدن مصرية
650 04 - المدخل الاضافى بالموضوع-مصطلح موضوعى
مصطلح موضوعي الحملات الصليبية
650 04 - المدخل الاضافى بالموضوع-مصطلح موضوعى
مصطلح موضوعي صناعة المنسوجات
650 04 - المدخل الاضافى بالموضوع-مصطلح موضوعى
مصطلح موضوعي مساجد دمياط
650 04 - المدخل الاضافى بالموضوع-مصطلح موضوعى
مصطلح موضوعي العصر الفاطمى
651 04 - المدخل الاضافى بالموضوع - اسم جغرافى
الاسم الجغرافي تنيس ( مصر )
651 04 - المدخل الاضافى بالموضوع - اسم جغرافى
الاسم الجغرافي الفسطاط
651 04 - المدخل الاضافى بالموضوع - اسم جغرافى
الاسم الجغرافي الفسطاط
التقسيم الفرعي العام مساجد
651 04 - المدخل الاضافى بالموضوع - اسم جغرافى
الاسم الجغرافي الفسطاط
التقسيم الفرعي العام كنائس
651 04 - المدخل الاضافى بالموضوع - اسم جغرافى
الاسم الجغرافي الفسطاط
التقسيم الفرعي العام المعبد اليهودى
651 04 - المدخل الاضافى بالموضوع - اسم جغرافى
الاسم الجغرافي تنيس ( مصر )
التقسيم الفرعي العام وصف ورحلات
651 04 - المدخل الاضافى بالموضوع - اسم جغرافى
الاسم الجغرافي دمياط
700 0# - المدخل الاضافى - اسم شخصى
الإسم الشخصى احمد عبدالرازق احمد
الدور مقدم
942 ## - عناصر المدخل الإضافي( كوها)
مصدر التصنيف او مخطط الترفيف Dewey Decimal Classification
Koha [default] item type كتاب
260 ## - PUBLICATION, DISTRIBUTION, ETC. (IMPRINT)
-- القاهرة :
-- نهضة مصر للنشر ،
Holdings
حالة التراجع حالة الفقد حالة تلف ليس للاعارة المكان المؤقت الموقع الحالى تاريخ الاكتساب اجمالي اﻻعارات رقم الطلب الباركود تاريخ اخر مشاهدة تاريخ تفعيل السعر نوع وعاء كوها
        مكتبة القاهرة الكبرى مكتبة القاهرة الكبرى 02/16/2015   926.1 ط/ج س 159516 02/16/2015 02/16/2015 كتاب

Powered By

EGPV